00430nam a2200157Ia 450000500170000000800410001702000220005804100120008008200150009210000180010724500630012525000080018826000400019650000080023665000280024420240823030618.0240823s9999||||xx |||||||||||||| ||und|| a978-81-8435-130-9 aENGLISH A823.309 Q0 aChandra N D R 0aPostcolonial Indian English Fiction Critical Understanding a1st c2010bAdhyayan Publishers & Distrib aYES aIndian EnglishbEnglish